| 000 | 01069nam a2200337 i 4500 | ||
|---|---|---|---|
| 005 | 20220317002020.0 | ||
| 007 | ta | ||
| 008 | 201106m20182020ck ||||jr|||| 00| fdspa d | ||
| 020 | _a9789585628465 | ||
| 040 |
_aCO-BoRNBP _bspa _cCO-BoRNBP _erda |
||
| 041 | 0 | _aspa | |
| 043 | _as-ck--- | ||
| 084 | _aC ROJ4 | ||
| 100 | 1 |
_aRojas, Andrés _d1985- _eautor |
|
| 245 | 1 | 0 |
_aLugares comunes _cAndrés Rojas |
| 250 | _aPrimera edición | ||
| 264 | 1 |
_aMedellín _bAngosta _c2018 _c2020 |
|
| 300 |
_a152 páginas _b19 cm |
||
| 336 |
_2rdacontent _atexto _btxt |
||
| 337 |
_2rdamedia _asin mediación _bn |
||
| 338 |
_2rdacarrier _avolumen _bnc |
||
| 490 | 0 | _aColección Lince | |
| 521 | _aRecomendado para un público mayor de 15 años | ||
| 545 | _aIncluye datos biográficos del autor en la solapa | ||
| 650 | 1 | 7 |
_2LEMB _aCuentos juveniles colombianos _ySiglo XX |
| 650 | 1 | 7 |
_2LEMB _aLiteratura juvenil colombiana _ySiglo XX |
| 650 | 1 | 7 |
_2LEMB _aAutores colombianos _ySiglo XX |
| 650 | 1 | 7 |
_2LEMB _aTimidez _vCuentos |
| 650 | 1 | 7 |
_2LEMB _aAmistad _vCuentos |
| 942 |
_2loc _cBKLIT |
||
| 999 |
_c8902 _d8902 |
||